| 000 | 01081cam a2200349 i 4500 | ||
|---|---|---|---|
| 001 | 0000634 | ||
| 003 | DO-SdBNP | ||
| 005 | 20171108113220.0 | ||
| 007 | 0000634 | ||
| 008 | 100514s 2002 mx | 000 f spa | ||
| 015 | _a | ||
| 017 |
_a _b |
||
| 020 | _a9681911423 | ||
| 035 | _a | ||
| 040 |
_aBPMSU _bspa _cBPMSU _e |
||
| 080 | _a | ||
| 082 | 4 |
_a133.58951 _bK83d, 2003 |
|
| 100 | 1 | _aKoppel, Mónica | |
| 245 | 1 | 0 |
_a2003 año de la cabra / _bfeng shui y ki de las nueve estrellas para obtener abundancia, armonía y amor / _cMónica Koppel |
| 246 | 1 | 0 |
_aDos mil y tres año de la cabra _bfeng shui y ki de las nueve estrellas para obtener abundancia, armonía y amor / |
| 260 | 0 |
_aMéxico, D.F. : _bTaurus, _c2002. |
|
| 300 |
_a119 p.: _c22 cm |
||
| 490 | 1 | _aAlamah tradiciones de oriente | |
| 650 | 4 | _aASTROLOGÍA | |
| 650 | 4 | _aASTROLOGÍA CHINA | |
| 650 | 4 | _aFENG SHUI | |
| 830 | 0 | _aAlamah tradiciones de oriente | |
| 910 | _aValidado. Control de calidad MFF | ||
| 942 |
_2ddc _cBK |
||
| 945 | _aInventariado, 2017/MFF | ||
| 956 |
_aYLOCKWARD _810 _cBPMSU |
||
| 999 |
_c11246 _d11246 |
||